| 000 | nam a22 a 4500 | ||
|---|---|---|---|
| 999 |
_c3918 _d3918 |
||
| 005 | 20170524123049.0 | ||
| 008 | 170524b my ||||| |||| 00| 0 eng d | ||
| 040 | _aAKMAL | ||
| 082 | _a352.448595 RMC | ||
| 090 |
_a352.448595 _bRMC |
||
| 245 | 1 | 0 |
_aAuthorised Economic Operator (AEO) Customs Golden Client (CGC) / _cRoyal Malaysian Customs . |
| 260 |
_aPutrajaya: _bRoyal Malaysian Customs , _c[?] |
||
| 300 |
_a50pages: _bcol. ill.; _c25cm |
||
| 710 | 2 |
_aRoyal Malaysian Customs _97731 |
|
| 942 |
_2ddc _cBOOK |
||
| 950 | _lAKMAL | ||